Music Quiz

Random Music or Song Quiz

#5 Hits of the 1980s Quiz Stats

 Plays Quiz Updated Jul 18, 2014

Support Sporcle.
Go Orange.
Score 0/97 Timer 12:00
0 Plays Today
Year Artist name % Correct
1980Bruce Springsteen
82.6%
1985Bruce Springsteen
82.6%
1987Bruce Springsteen
82.6%
1983Michael Jackson
82.4%
1987Herb Alpert
80.2%
1987Janet Jackson
80.2%
1985Bryan Adams
80.1%
1983Pat Benatar
76.5%
1985Pat Benatar
76.5%
1989Aerosmith
73.1%
1985Sade
68.4%
1986Sade
68.4%
1989Guns N' Roses
68%
1984Elton John
67%
1984Julio Iglesias & Willie Nelson
66.4%
1985Don Henley
66%
1985Madonna
64.3%
1982Willie Nelson
63.2%
1981Rod Stewart
58%
1981Rod Stewart
58%
1983Quiet Riot
57.3%
1986Miami Sound Machine
57%
1987Gloria Estefan
57%
1983The Pretenders
56.4%
1986Daryl Hall
55.3%
1983Thomas Dolby
55.2%
1985Eurythmics
55%
1986Jermaine Stewart
53.5%
1980Bob Seger
53.2%
1981Bob Seger
53.2%
1981Daryl Hall & John Oates
52.8%
1985Daryl Hall & John Oates
52.8%
1984Night Ranger
50%
Year Artist name % Correct
1983Kajagoogoo
49.7%
1980Diana Ross
49.2%
1981REO Speedwagon
48.9%
1988Whitney Houston
48.3%
1980Donna Summer
46.6%
1984Tina Turner
45.1%
1986The Rolling Stones
42.8%
1989The Rolling Stones
42.8%
1981Oak Ridge Boys
41.9%
1981Air Supply
41.6%
1982Air Supply
41.6%
1980Stevie Wonder
40.3%
1985Julian Lennon
39.8%
1984John Lennon
39.4%
1984Cyndi Lauper
36.9%
1983Stevie Nicks
36.2%
1988George Michael
36.1%
1980Eddie Rabbitt
35.4%
1981Eddie Rabbitt
35.4%
1986Mike + The Mechanics
34.5%
1982Neil Diamond
33.4%
1984Pointer Sisters
33%
1984Culture Club
32.8%
1985Howard Jones
32.8%
1989Great White
32.8%
1986InXS
32.5%
1983Lionel Richie
29.5%
1983Stray Cats
28.5%
1988Van Halen
27.3%
1980Kool & The Gang
27.1%
1984Matthew Wilder
27%
1987ABC
26.6%
1987Fleetwood Mac
26.2%
Year Artist name % Correct
1986Don Johnson
24.8%
1982Olivia Newton-John
24.4%
1984Olivia Newton-John
24.4%
1989Bangles
24.3%
1988Foreigner
24%
1988Natalie Cole
23.3%
1983After The Fire
22.7%
1987Bruce Willis
21%
1988Bruce Hornsby & The Range
20.9%
1980Dr. Hook
19.6%
1982Melissa Manchester
19.5%
1989Jeff Healey Band
18.5%
1982Dazz Band
18%
1984Rick Springfield
17.8%
1987Lou Gramm
17%
1989Taylor Dayne
16.9%
1988Boy Meets Girl
16.1%
1988Pebbles
15.9%
1981Ronnie Milsap
15.8%
1985Klymaxx
15%
1982George Benson
14.7%
1987Exposé
14.3%
1981Don McLean
12%
1980Johnny Lee
11.6%
1980The Manhattans
11.5%
1980The Doobie Brothers
9.8%
1987Levert
9.2%
1988Keith Sweat
7.7%
1980Ray, Goodman & Brown
6.9%
1989Surface
6.4%
1989Deon Estus
5.1%

You're not logged in!

Compare scores with friends on all Sporcle quizzes.
OR
Log In

From the Vault

Invented Words: Carroll, Seuss, or Dahl

by Tank

You don't have to be Shakespeare to invent a new word.
Remove Ads.
Support Sporcle.
Get the best of Sporcle when you Go Orange. This ad-free experience offers more features, more stats, and more fun while also helping to support Sporcle. Thank you for becoming a member.

Show Comments

Extras

Top Quizzes Today


Score Distribution

Your Account Isn't Verified!

In order to create a playlist on Sporcle, you need to verify the email address you used during registration. Go to your Sporcle Settings to finish the process.

Report this User

Report this user for behavior that violates our Community Guidelines.

Details: